Ropné giganty čelia novej konkurencii
Šance malých ropných firiem, ktoré vytláčajú svojich veľkých konkurentov. Etablovanie sa ropných firiem z Ruska, Číny a Indie. Odmietavý postoj veľkých ropných gigantov k novým podmienkam už uzatvorených kontraktov. Malé firmy agresívnejšie a pružnejšie.
Enregistré dans:
| Auteur principal: | |
|---|---|
| Format: | Chapitre de livre |
| Langue: | slovaque |
| Sujets: | |
| Tags: |
Pas de tags, Soyez le premier à ajouter un tag!
|
MARC
| LEADER | 00000naa$a2200000$$$4500 | ||
|---|---|---|---|
| 001 | 0028029 | ||
| 005 | 20231004125849.8 | ||
| 041 | 0 | |a slo | |
| 044 | |a SK | ||
| 245 | 1 | 0 | |a Ropné giganty čelia novej konkurencii |c Dana Pálková |
| 520 | |a Šance malých ropných firiem, ktoré vytláčajú svojich veľkých konkurentov. Etablovanie sa ropných firiem z Ruska, Číny a Indie. Odmietavý postoj veľkých ropných gigantov k novým podmienkam už uzatvorených kontraktov. Malé firmy agresívnejšie a pružnejšie. | ||
| 610 | 2 | 0 | |a spolupráca medzinárodná |
| 610 | 2 | 0 | |a priemysel ťažobný |
| 610 | 2 | 0 | |a ropa |
| 610 | 2 | 0 | |a ropovody |
| 610 | 2 | 0 | |a firmy |
| 610 | 2 | 0 | |a konkurencia |
| 610 | 2 | 0 | |a zisk |
| 610 | 2 | 0 | |a riziko |
| 610 | 2 | 0 | |a kontrakty |
| 100 | 1 | |a Pálková, Dana | |